Missing Word: NY Police Movies Quiz Stats

Quiz Updated Dec 1, 2015

Challenge
Share
Tweet
Embed
Score 0/16 Timer 04:00
0 Plays Today
Hint Answer % Correct
The _______ ConnectionFrench
96.5%
Dog Day __________Afternoon
95.1%
The _____ CollectorBone
85.5%
______ WishDeath
84.2%
Die Hard with a __________Vengeance
80.7%
The Taking of _______ One Two ThreePelham
74.3%
New ____ CityJack
69.5%
____ LieutenantBad
61.4%
Hint Answer % Correct
The ______ GuysOther
54.1%
____ LandCop
50%
Sea of _____Love
47.7%
Fort _______ the BronxApache
42.9%
______ TrainMoney
35.3%
The Naked _____City
32.9%
The Seven-___Ups
15.2%
Across ____ Street110th
8.7%

Today's Daily Dose

You're not logged in!

Compare scores with friends on all Sporcle quizzes.
Join for Free
OR
Log In

You Might Also Like...

Show Comments

Extras

Top Quizzes Today


Score Distribution

Your Account Isn't Verified!

In order to create a playlist on Sporcle, you need to verify the email address you used during registration. Go to your Sporcle Settings to finish the process.

Report this User

Report this user for behavior that violates our Community Guidelines.

Details: